La diversidad cultural... un debate internacional, un debate en Chile
Сохранить в:
| Формат: | |
|---|---|
| Язык: | испанский |
| Опубликовано: |
Santiago
Aún Creemos en los Sueños
2004
|
| Серии: | Selección de Artículos de Le Monde Diplomatique, 28
|
| Предметы: | |
| Метки: |
Добавить метку
Нет меток, Требуется 1-ая метка записи!
|
MARC
| LEADER | 00000nam a2200000 a 4500 | ||
|---|---|---|---|
| 001 | UCL8824 | ||
| 003 | CL-VaPUC | ||
| 008 | 040709e20040000CL |||||||||||||||||spa|d | ||
| 020 | |a 956813428X | ||
| 082 | 0 | 4 | |a 306.4 |b DIV |2 21 |
| 245 | 1 | 3 | |a La diversidad cultural... un debate internacional, un debate en Chile |
| 300 | |a 97 p | ||
| 942 | |c BK | ||
| 945 | |d 20040709 00:00:00 |a cmena | ||
| 260 | |a Santiago |b Aún Creemos en los Sueños |c 2004 | ||
| 650 | 0 | |a Desarrollo económico y social |9 256320 | |
| 650 | 0 | |a Desarrollo cultural |9 267526 | |
| 650 | 0 | |a Cambio social |9 256857 | |
| 650 | 0 | |a Política cultural |9 316492 | |
| 650 | 0 | |a Globalización |9 361930 | |
| 650 | 0 | |a Sociología de la educación |9 260380 | |
| 650 | 0 | |a Diversidad cultural |9 473079 | |
| 583 | |a last modification |c 20040709 00:00:00 |k Rodrigo Vera | ||
| 490 | 0 | |a Selección de Artículos de Le Monde Diplomatique, 28 | |
| 999 | |c 309931 |d 309929 | ||
| 952 | |0 0 |1 0 |4 0 |6 306_400000000000000_DIV_2004 |7 0 |8 A |9 377794 |a BIBHIS |b BIBHIS |d 2019-11-21 |i 4034805 |o 306.4 DIV 2004 |p 4034805 |r 2025-01-20 |w 2019-11-21 |y BK |k HIS | ||
| 952 | |0 0 |1 0 |4 0 |6 306_400000000000000_DIV_2004 |7 0 |8 A |9 377795 |a BIBCUR |b BIBCUR |d 2019-11-21 |i 4447336 |o 306.4 DIV 2004 |p 4447336 |r 2025-04-22 |w 2019-11-21 |y BK |k PER | ||